000
00232nam a2200097Ia 4500
001
730147
005
20250826163709.0
008
250824s9999 xx 000 0 und d
245
0
_a
GİZEMLİ EFSANE
_c
ÖZGÜR GEZ
260
_b
ATLIKARINCA
999
_c
730147
_d
730147